000 00800cab a2200265 4500
001 ABS53050
008 090401t1995 xxu||||| |||| 00| 0 eng d
035 _a(Sirsi) u1583
041 _aeng
100 _aHughes, D.
245 _aCompanies` environmental liabilities for acts of vandalism
260 _c1995
350 _a0
490 _aEnvironment Information Bulletin
_v(44) June 1995, 13-16(4)
520 _aExamines the legal position of companies where vandalism has resulted in environmental damage. Refers to case law.
650 _aCIVIL LIABILITY
650 _aCRIMINAL LIABILITY
650 _aENVIRONMENTAL DAMAGE
650 _aLIABILITY
650 _aPOLLUTION
650 _aVANDALISM
690 _aENVIRONMENTAL AND LAND CONSULTANCY
942 _n0
948 _c04/03/1997
999 _c895
_d895